Statistics for Bfdi Characters

Click here to take the quiz!

General Stats

  • This quiz has been taken 14 times
  • The average score is 20 of 22

Answer Stats

HintAnswer% Correct
.Blocky
100%
.Eraser
100%
.Flower
100%
.Leafy
100%
.Pen
100%
.Pin
100%
.Bubble
92%
Firey
92%
.Ice Cube
92%
.Spongy
92%
.Woody
92%
.Announcer
83%
.Coiny
83%
.David
83%
.Golf Ball
83%
.Match
83%
.Pencil
83%
.Rocky
83%
.Snowball
83%
.Teardrop
83%
.Tennis Ball
83%
.Needle
75%

Score Distribution

Percentile by Number Answered

Percent of People with Each Score

Your Score History

You have not taken this quiz